|
|
|
|
| LEADER |
00000nam a22000007a 4500 |
| 005 |
20180508220529.0 |
| 007 |
cr|||| |||| |
| 008 |
180508s2017 mx |||||s||||f00||0 spa d |
| 035 |
|
|
|a 21569
|
| 040 |
|
|
|a vLex
|
| 090 |
|
|
|c 7922
|d 7922
|
| 100 |
1 |
|
|a Gm̤ez Sǹchez, Maite
|
| 245 |
1 |
0 |
|a Gua̕ Prc̀tica de Terapia de Lenguaje
|h [Recurso electrn̤ico] /
|c Maite Gm̤ez Sǹchez
|
| 256 |
|
|
|a Servicio en ln̕ea
|
| 260 |
|
|
|a Ciudad de Mx̌ico:
|b Cm̀ara de Diputados,
|c 2017
|
| 300 |
|
|
|a 1 recurso electrn̤ico
|
| 506 |
1 |
|
|a Disponible solo en los productos indicados
|d vLex Global
|d vLex Global (Academic Edition, excluding Law Schools)
|d vLex Global (U.S. Academic Edition, Law Schools)
|d vLex Global (U.S. Academic Edition, excluding Law Schools)
|d vLex Global (Academic Edition, Law Schools)
|
| 650 |
0 |
4 |
|a Ciencias sociales
|z Mx̌ico
|
| 740 |
0 |
|
|a vLex Libros (Servicio en ln̕ea)
|
| 856 |
4 |
0 |
|u http://vlex.com/source/guia-practica-terapia-lenguaje-21569
|z Acceso restringido
|
| 942 |
|
|
|c BOOK
|
| 999 |
0 |
|
|a Social Sciences
|